[Event "74th Tata Steel GMA"]
[Site "Wijk aan Zee NED"]
[Date "2012.01.15"]
[Round "2"]
[White "Topalov, Veselin"]
[Black "Van Wely, Loek"]
[Result "1/2-1/2"]
[WhiteElo "2770"]
[BlackElo "2692"]
[PlyCount "116"]
[EventDate "2012.01.14"]

1. d4 {Hazai} Nf6 2. c4 g6 3. f3 Bg7 4. e4 d6 5. Nc3 O-O 6. Be3 c6 7. Bd3 a6 8.
a4 a5 9. Qd2 e5 10. Nge2 Na6 ({RR} 10... Nbd7 11. Rd1 ({RR} 11. O-O exd4 12.
Nxd4 Nc5 13. Bc2 ({RR} 13. Be2 Qb6 14. Rab1 Nfd7) 13... Be6 14. b3) 11... exd4
({RR} 11... Re8 12. O-O Nf8 13. d5) 12. Nxd4 Nc5 13. Bc2 ({RR} 13. Be2 Qb6 14.
O-O Ne8 15. f4 Nf6 16. Nc2 ({RR} 16. Nf5 gxf5 17. e5 dxe5 18. fxe5 Nfd7 19.
Rxf5 Nb3)) 13... Qb6 14. b3 ({RR} 14. Nde2 Be6 15. b3 Rad8 16. O-O Rfe8 17. Nd4
Qb4 18. Na2 Qa3 19. Nc1 Qb4 20. Na2 Qa3 21. Ra1 Nfd7 22. Rfd1 Ne5 23. Qf2 Ncd7
24. h3 d5 25. cxd5 cxd5 26. exd5 Bxd5 27. Nc3 Qc5 28. Nxd5 Qxd5) 14... Re8 15.
O-O Be6 16. Qf2 ({RR} 16. Nxe6 Rxe6) 16... Qc7 17. Rd2 ({RR} 17. Ndb5 cxb5 18.
Nxb5 Qe7 19. Nxd6 b6 20. Nxe8 Rxe8) 17... Na6 ({RR} 17... b6) 18. h3 ({RR} 18.
Nxe6 Rxe6 19. Bb6 Qe7 20. Bxa5 Nd7 21. Ne2) 18... Nb4 19. Bb1 d5 20. cxd5 cxd5
21. Ncb5 Qb8 22. Bg5 ({RR} 22. Nxe6 fxe6 23. Bd4) 22... Bd7 23. Qh4 Nh5 24.
Rdd1 h6 25. Be3 {Sakaev,K (2627)-Grigore,G (2508) Istanbul 2000 EXT 2001 
[Hazai] 1-0 (38)} {RR} f5) 11. Rd1 ({RR} 11. O-O Nb4) 11... exd4 ({RR} 11...
Nd7 12. O-O Re8 ({RR} 12... Nb4 13. Bb1) ({RR} 12... exd4 13. Nxd4 Ndc5 ({RR} 
13... Nac5 14. Bc2 Qb6 15. b3 Qb4 16. Rb1 Re8 17. Rfd1) ({RR} 13... Ne5 14. Be2
Qe7 15. Rfe1 Re8 16. Bh6 Bxh6 17. Qxh6 Nc5) 14. Bb1 Qb6 15. f4 Qb4 ({RR} 15...
f5 16. exf5 gxf5 17. g4 Nb3 18. Nxb3 Qxb3 19. Bd4 Bxd4+ 20. Qxd4 Qb4 21. g5)
16. f5 Nd7 17. Bh6 Nac5 ({RR} 17... Qc5 18. Kh1 Nf6 19. b3 Nc7 20. Rf3 Nce8 21.
Bxg7 Kxg7 22. Rh3) 18. Bxg7 Kxg7 19. Rf3 f6 20. fxg6 ({RR} 20. Rh3 g5) 20...
hxg6 21. Rh3 Ne5 22. Qh6+ Kf7 23. Nf3 Ncd7 24. Ne2) 13. Kh1 ({RR} 13. Bb1 Qc7
14. f4 ({RR} 14. Kh1 Bf8 15. h3 exd4 16. Nxd4 Nac5 17. Bc2 Qb6 18. b3 Nf6 19.
Rfe1 Qc7 20. Bh6 Be7 21. Bg5) 14... exd4 15. Nxd4 Nb6 16. b3 Nc5 17. Qf2) 13...
Nb4 ({RR} 13... Nf8 14. f4 Ne6 15. Bb1 c5 16. dxe5 dxe5 17. Nd5 Nac7 18. f5 Nd4
19. Nec3 Nxd5 20. Nxd5 Bd7 21. Bh6) 14. Bb1 Qe7 15. f4) ({RR} 11... Nb4 12. Bb1
Qe7 ({RR} 12... exd4 13. Nxd4 d5 ({RR} 13... Re8 14. O-O d5 15. cxd5 cxd5 16.
Ndb5 Be6 17. Qf2 Qb8 18. Ba7 Qf4 19. Ne2 Qe5 20. Bd4 Qb8 21. e5 Nd7 22. f4) 14.
cxd5 cxd5 15. e5) 13. O-O exd4 14. Nxd4 Re8 ({RR} 14... Rd8 15. Bg5 Qc7 16. Qf4
) 15. Rfe1 ({RR} 15. Bg5 Qf8) 15... Qc7 16. Qf2 Nd7 17. f4 ({RR} 17. Ndb5)
17... b6 18. Nf3 Ba6 19. Bd4 Bf8 20. e5) ({RR} 11... Re8 12. O-O Be6 13. b3 ({
RR} 13. d5) 13... Qc7 14. Kh1 Rad8 15. f4 ({RR} 15. Bc2) 15... exd4 16. Nxd4
Bc8 17. Bg1 Nc5 18. Rde1 Nxd3 19. Qxd3) ({RR} 11... Qe7 12. O-O exd4 ({RR} 
12... Nc7 13. Bb1 Nd7 14. f4) 13. Bxd4 ({RR} 13. Nxd4) 13... Ne8 14. Kh1 Bxd4
15. Nxd4 Ng7 16. f4 f6 17. Bb1) ({RR} 11... Nb4 12. Bb1 Qe7 13. O-O Re8 14.
Rfe1 Kh8 15. Kh1 Be6 16. d5 cxd5 17. cxd5 Bd7 18. Bd3 Nxd3 19. Qxd3 Ng8 20. Rc1
Bh6 21. Bxh6 Nxh6 22. Nb5 Rf8 23. Qd2 Bxb5 24. axb5 Qh4 25. Ng3 f5 26. Rc7 {
Omar,N (2253)-Reilly,T (2271) Jakarta INA 2011 1-0 (60)}) 12. Bxd4 ({RR} 12.
Nxd4 Re8 13. O-O Nc5 14. Bc2 Qe7 15. Nb3 Nxb3 16. Bxb3 d5 17. cxd5 Qb4 18. Qc2
cxd5 19. Nxd5 Nxd5 20. Bxd5) 12... Nc5 $146 ({RR} 12... Nb4 13. Bb1 Be6 14. b3
d5 15. cxd5 cxd5 16. e5 Nd7 17. f4 f6 18. exf6 Bxf6 19. O-O Bg4 20. Bxf6 Nxf6
21. f5 Qb6+ 22. Kh1 Ne4 23. Nxe4 dxe4 24. fxg6 Qxg6 25. h3 Rxf1+ 26. Rxf1 Bxe2
27. Qxe2 {Parligras,M (2588)-Kiewra,K (2336) Kavala 2008 1-0 (36)}) 13. Bc2 Be6
14. b3 Qb6 15. O-O Qb4 16. Rb1 Rad8 17. Kh1 Bc8 18. Qc1 Nh5 19. Na2 Qb6 20. Bg1
Qc7 21. Nac3 Qe7 22. Qd2 f5 23. exf5 Bxf5 24. Bxf5 gxf5 25. g3 Be5 26. Nd4 Rde8
27. Nce2 Qd8 28. Rbd1 Ng7 29. Qc2 Qc7 30. Nf4 Bxf4 31. gxf4 Rf6 32. Bf2 Qf7 33.
Rg1 Rg6 34. Qd2 Qc7 35. Rg3 Nce6 36. Rdg1 Nxd4 37. Bxd4 Ree6 38. Bb2 b6 39. Qd4
Qb7 40. Qd3 Qf7 41. Bxg7 Kxg7 42. Qd4+ Qf6 43. Qxb6 Re2 44. Rg5 c5 45. Qxa5 Qb2
46. Qc7+ Kh8 47. Qd8+ Kg7 48. Rxg6+ hxg6 49. Qh4 Qxb3 50. Qh3 d5 51. Qg3 Re6
52. cxd5 Qxd5 53. Qf2 Qd3 54. Qb2+ Kf7 55. Qb7+ Re7 56. Qc6 Re6 57. Qb7+ Re7
58. Qc6 Re6 1/2-1/2

[Event "74th Tata Steel GMA"]
[Site "Wijk aan Zee NED"]
[Date "2012.01.15"]
[Round "2"]
[White "Navara, David"]
[Black "Gelfand, Boris"]
[Result "1/2-1/2"]
[WhiteElo "2712"]
[BlackElo "2739"]
[PlyCount "60"]
[EventDate "2012.01.14"]

1. e4 e5 2. Nf3 Nf6 3. Nxe5 d6 4. Nf3 Nxe4 5. Bd3 Nf6 6. h3 Be7 7. O-O O-O 8.
c3 b6 9. Bc2 Bb7 10. d4 Nbd7 11. Nbd2 Re8 12. Nc4 Bf8 13. Bg5 h6 ({RR} 13...
Qc8 14. Ne3 Be4 15. Bb3 Qb7 16. Nd2 Bg6 17. Re1 b5 18. Ndf1 a5 19. a3 c5 20.
dxc5 dxc5 21. a4 c4 22. Ba2 Bd3 23. Bh4 Bc5 24. Bb1 Bxb1 25. Qxb1 bxa4 26. Bxf6
Nxf6 27. Rxa4 Qb3 28. Qa1 {Najer,E (2643)-Lintchevski,D (2543) Taganrog RUS
2011 1/2-1/2 (51)}) 14. Bh4 g6 $146 ({RR} 14... g5 15. Bg3 Ne4 16. Nfd2 Nxg3
17. fxg3 Nf6 18. Re1 Rxe1+ 19. Qxe1 Qe7 20. Qxe7 Bxe7 21. Ne3 Bf8 22. Nf5 Re8
23. Bd3 g4 24. Kf2 Bc8 25. Re1 Rxe1 26. Kxe1 gxh3 27. gxh3 Nd5 28. Ke2 Ne7 29.
Nxe7+ {Tiviakov,S (2670)-Giri,A (2552) Germany 2010 1/2-1/2 (39)}) 15. Ne3 Bg7
16. Nh2 Qc8 17. Nhg4 Nxg4 18. Nxg4 f5 19. Ne3 Nf6 20. Re1 Kh8 21. f3 Qd7 22.
Qd2 Nd5 23. Bf2 Kh7 24. Bb3 Nxe3 25. Rxe3 Rxe3 26. Bxe3 Re8 27. Re1 a5 28. Bc2
Bd5 29. b3 Bf7 30. a4 Bf6 1/2-1/2

[Event "74th Tata Steel GMA"]
[Site "Wijk aan Zee NED"]
[Date "2012.01.15"]
[Round "2"]
[White "Caruana, Fabiano"]
[Black "Karjakin, Sergey"]
[Result "1-0"]
[WhiteElo "2736"]
[BlackElo "2769"]
[PlyCount "129"]
[EventDate "2012.01.14"]

1. d4 Nf6 2. c4 e6 3. Nc3 Bb4 4. e3 O-O 5. Nge2 d5 6. a3 Be7 7. cxd5 exd5 8. b4
c6 9. Ng3 b5 10. Bd2 Nbd7 11. a4 Bxb4 12. axb5 c5 13. Qb3 $146 ({RR} 13. Bd3 c4
14. Bc2 Nb6 15. O-O Re8 16. h3 g6 17. Qf3 Bb7 18. Rfb1 Bxc3 19. Bxc3 Ne4 20.
Be1 Re6 21. Nxe4 dxe4 22. Qe2 Qd5 23. Ra5 f5 24. Rba1 Rf8 25. Rxa7 f4 26. Qg4
h5 27. Qh4 f3 {Asis Gargatagli,H (2374)-Corrales Jimenez,F (2499) Barbera del
Valles 2007 1-0 (41)}) 13... Nb6 14. Be2 Qe7 15. O-O Be6 16. Qb2 cxd4 17. exd4
Bd6 18. Rfe1 Rac8 19. Bd3 Qb7 20. Bg5 Nfd7 21. Nce2 Nc4 22. Qb1 h6 23. Bf4 Be7
24. Nf5 Bf6 25. Neg3 Bxf5 26. Nxf5 Ndb6 27. Qd1 Rfe8 28. Qg4 Kf8 29. Bd6+ Nxd6
30. Nxd6 Rxe1+ 31. Rxe1 Qc7 32. Qxc8+ Qxc8 33. Nxc8 Nxc8 34. Be2 Nd6 35. Ra1
Bxd4 36. Rd1 Bb6 37. Rxd5 Ke7 38. g3 g6 39. Kg2 Ke6 40. Rd1 h5 41. Bd3 Ke7 42.
Re1+ Kf6 43. f4 Kg7 44. Kf3 Kf6 45. Re5 Bg1 46. h3 Bb6 47. g4 hxg4+ 48. hxg4
Kg7 49. Rd5 Bc7 50. Rc5 Bb6 51. Rc6 Ne8 52. g5 Kf8 53. Ke4 Ke7 54. Rc2 Nc7 55.
Bc4 Ne8 56. Kd5 Kd7 57. Rh2 Be3 58. b6 Nd6 59. bxa7 Bxa7 60. Bd3 Be3 61. Ke5
Ke7 62. Rh7 Bc1 63. Bxg6 Bb2+ 64. Kd5 Bc1 65. Bxf7 1-0

[Event "74th Tata Steel GMA"]
[Site "Wijk aan Zee NED"]
[Date "2012.01.16"]
[Round "3"]
[White "Nakamura, Hikaru"]
[Black "Caruana, Fabiano"]
[Result "1/2-1/2"]
[WhiteElo "2759"]
[BlackElo "2736"]
[PlyCount "83"]
[EventDate "2012.01.14"]

1. d4 Nf6 2. c4 g6 3. Nc3 d5 4. cxd5 Nxd5 5. e4 Nxc3 6. bxc3 Bg7 7. Bc4 c5 8.
Ne2 Nc6 9. Be3 O-O 10. O-O Na5 11. Bd3 b6 12. Qd2 e5 13. Bh6 exd4 14. Bxg7 Kxg7
15. cxd4 cxd4 16. f4 f6 17. f5 Nc6 18. Bb5 Ne5 19. Nxd4 gxf5 20. Rad1 $146 ({RR
} 20. exf5 Kh8 21. Rad1 Bb7 22. Rf4 Qd5 23. Bf1 Rg8 24. Kh1 Rad8 25. Qf2 Rg4
26. Rd2 Rdg8 27. Ne6 Qc6 28. h3 Rxf4 29. Nxf4 Qe4 30. Nh5 Qc6 31. Kh2 Qc7 32.
Kh1 Qc1 33. Kh2 Qc7 34. Kh1 Qf7 {Rodshtein,M (2609)-So,W (2674) Biel 2010 0-1 
(39)}) 20... Qe7 21. Ba6 Bd7 22. exf5 Kh8 23. Qc3 Rae8 24. Rf4 Rg8 25. Bf1 Rc8
26. Qe1 Bc6 27. h3 Bd5 28. a4 Rg7 29. Qf2 Rcg8 30. Ne6 Bxe6 31. fxe6 Qxe6 32.
Kh1 Rg6 33. Rd2 Qe7 34. Rfd4 Rc8 35. Rd1 Rgg8 36. Qd2 Qg7 37. Qf2 Qe7 38. Qd2
Rg3 39. Rf4 Rg6 40. a5 bxa5 41. Qxa5 Rgg8 42. Ra1 1/2-1/2

[Event "74th Tata Steel GMA"]
[Site "Wijk aan Zee NED"]
[Date "2012.01.16"]
[Round "3"]
[White "Radjabov, Teimour"]
[Black "Navara, David"]
[Result "1-0"]
[WhiteElo "2773"]
[BlackElo "2712"]
[PlyCount "63"]
[EventDate "2012.01.14"]

1. d4 Nf6 2. c4 g6 3. Nf3 Bg7 4. g3 d5 5. Bg2 dxc4 6. Na3 Nc6 7. Nxc4 Be6 8. b3
a5 9. Bb2 Bd5 10. Rc1 O-O 11. a3 Qc8 $146 ({RR} 11... Bh6 12. e3 e6 13. O-O Ne4
14. Qe2 Qe7 15. Rfd1 Rfd8 16. a4 Qe8 17. Ba3 f6 18. Ne1 Bf8 19. Bxf8 Kxf8 20.
Nd3 Nd6 21. Nxd6 Rxd6 22. Nc5 Nd8 23. e4 Bc6 24. e5 fxe5 25. dxe5 Rxd1+ 26.
Qxd1 {Wojtkiewicz,A (2567)-Kriventsov,S (2322) Washington DC 1999 1-0 (42)}) ({
RR} 11... a4 12. b4 Na7 13. O-O Nb5 14. e3 Nd6 15. Ncd2 c6 16. Qe2 Nfe4 17.
Nxe4 Bxe4 18. Rfd1 e6 19. Bf1 Bd5 20. Ne5 Qe7 21. Nd3 f5 22. Nc5 g5 23. Bg2 g4
24. e4 {1/2-1/2 (24) Andersson,U (2640)-Christiansen,L (2550) Groningen 1997})
12. O-O Qe6 13. Ng5 Qg4 14. e4 Qxd1 15. Rfxd1 Bxc4 16. Rxc4 e6 17. d5 Rfd8 18.
Rcc1 exd5 19. exd5 Ne7 20. Bxf6 Bxf6 21. Ne4 Be5 22. f4 Bd6 23. Nxd6 cxd6 24.
Rc7 Nf5 25. Rxb7 Rac8 26. Bf1 Rc2 27. Bb5 Ne3 28. Re1 Nxd5 29. Bc4 Nc7 30. Rxc7
d5 31. Rd1 Re8 32. Bb5 1-0

[Event "74th Tata Steel GMA"]
[Site "Wijk aan Zee NED"]
[Date "2012.01.16"]
[Round "3"]
[White "Van Wely, Loek"]
[Black "Gashimov, Vugar"]
[Result "1/2-1/2"]
[WhiteElo "2692"]
[BlackElo "2761"]
[PlyCount "45"]
[EventDate "2012.01.14"]

1. Nf3 c5 2. c4 Nc6 3. d4 cxd4 4. Nxd4 Nf6 5. Nc3 e6 6. a3 Bc5 7. Nb3 Be7 8. e4
O-O 9. Be2 b6 10. O-O Bb7 11. Bf4 d6 12. Rc1 Rc8 13. Re1 Ne5 14. Nd2 Nfd7 $146
({RR} 14... Ng6 15. Bg3 a6 16. b4 Nd7 17. Bf1 Nde5 18. f4 Nd7 19. Nf3 Re8 20.
Qd2 Nf6 21. h3 a5 22. Bf2 axb4 23. axb4 d5 24. exd5 Bxb4 25. Qb2 Ba5 26. f5
exf5 27. Rxe8+ Nxe8 28. Na4 b5 29. Qxb5 {Iordachescu,V (2584)-Kovacevic,A 
(2566) Zlatibor 2007 1-0 (55)}) 15. b4 Kh8 16. Bg3 g5 17. Nb3 a6 18. Bf1 Rg8
19. Na4 Bc6 20. Nd4 Bb7 21. Nb3 Bc6 22. Nd4 Bb7 23. Nb3 1/2-1/2

[Event "74th Tata Steel GMA"]
[Site "Wijk aan Zee NED"]
[Date "2012.01.16"]
[Round "3"]
[White "Kamsky, Gata"]
[Black "Ivanchuk, Vassily"]
[Result "1/2-1/2"]
[WhiteElo "2732"]
[BlackElo "2766"]
[PlyCount "59"]
[EventDate "2012.01.14"]

1. d4 d5 2. Nf3 c6 3. e3 Nf6 4. c4 g6 5. Nc3 Bg7 6. Be2 O-O 7. O-O Qb6 8. cxd5
({RR} 8. b3 Bg4 9. Ba3 Re8 10. h3 e6 11. Qc2 Nbd7 12. Rad1 a5 13. e4 dxe4 {1-0
(13) Kazhgaleyev,M (2640)-Kamsky,G (2729) Almaty 2008}) ({RR} 8. h3 Bf5 9. b3
Ne4 10. Bb2 h6 11. Nxe4 Bxe4 12. Nd2 Bf5 13. cxd5 cxd5 14. Nb1 Bxb1 {1/2-1/2 
(14) Sumets,A (2619)-Solak,D (2581) Nova Gorica SLO 2011}) ({RR} 8. b3 Bg4 9.
Ba3 Re8 10. Rc1 e6 11. h3 Bxf3 12. Bxf3 Nbd7 13. Bd6 Bf8 14. Bg3 a5 15. Qc2 Qa7
16. Rfd1 Nb6 17. Be2 Nc8 18. c5 b6 19. Na4 Ne4 20. Be5 b5 21. Nb6 Nxb6 22. cxb6
Qxb6 {Shulman,Y (2613)-Kamsky,G (2702) Saint Louis 2010 1/2-1/2 (66)}) 8...
cxd5 9. Qb3 $146 ({RR} 9. Qc2 Nc6 10. Rd1 Bf5 11. Bd3 Nb4 12. Qe2 Bxd3 13. Rxd3
Nxd3 14. Qxd3 Rac8 15. h3 e6 16. e4 dxe4 17. Nxe4 Nxe4 18. Qxe4 Rfd8 19. Be3
Qxb2 20. Rb1 Qxa2 21. Rxb7 Qd5 22. Qxd5 Rxd5 23. Rxa7 h6 {Fischer,F-Barkey,T
playchess.com INT 2008 1-0 (33)}) 9... Rd8 10. Qxb6 axb6 11. Bd2 Nc6 12. Rfc1
Bg4 13. Be1 e6 14. h3 Bxf3 15. Bxf3 Bf8 16. Be2 Ne8 17. Nb5 Bb4 18. Bxb4 Nxb4
19. a3 Nc6 20. Rc3 Kf8 21. Rac1 Ke7 22. Rb3 Na5 23. Rbc3 Nc6 24. Kf1 Rd7 25.
Ke1 Kd8 26. Rb3 Na5 27. Rbc3 Nc6 28. Rb3 Na5 29. Rbc3 Nc6 30. Rb3 1/2-1/2

[Event "74th Tata Steel GMA"]
[Site "Wijk aan Zee NED"]
[Date "2012.01.16"]
[Round "3"]
[White "Carlsen, Magnus"]
[Black "Aronian, Levon"]
[Result "1-0"]
[WhiteElo "2835"]
[BlackElo "2805"]
[PlyCount "135"]
[EventDate "2012.01.14"]

1. c4 e6 2. Nc3 d5 3. d4 Be7 4. cxd5 exd5 5. Bf4 c6 6. Qc2 Nf6 7. h3 ({RR} 7.
e3 Nh5 8. Be5 Nd7 9. Be2 Nxe5 10. dxe5 g6 11. Bxh5 gxh5 12. O-O-O f6 13. Nf3
fxe5 14. Nxe5 O-O 15. f4 Bd6 16. Nf3 Bf5 17. Qd2 Qf6 18. e4 dxe4 19. Qxd6 exf3
20. Qxf6 Rxf6 21. gxf3 Bg6 {Grischuk,A (2747)-Aronian,L (2808) Kazan RUS 2011
0-1 (72)}) 7... g6 $146 ({RR} 7... O-O 8. e3 Bd6 9. Bxd6 Qxd6 10. Bd3 Be6 11.
Nge2 Re8 12. g4 g6 13. Ng3 Na6 14. Bxa6 bxa6 15. g5 Nd7 16. Kf1 c5 17. Rd1 f5
18. Nge2 c4 19. Nf4 Bf7 20. h4 Nb6 21. Kg2 Rab8 22. Rh3 {Kononenko,T (2305)
-Sharevich,A (2266) Vladimir 2004 1-0 (35)}) ({RR} 7... Qa5 8. Nf3 Ne4 9. Bd2
Nxd2 10. Nxd2 g6 11. e3 Bf5 12. Bd3 Bxd3 13. Qxd3 Qd8 14. O-O Nd7 15. Rfc1 O-O
16. Rab1 a5 17. Na4 Nb6 18. Nxb6 Qxb6 19. Nb3 a4 {1/2-1/2 (19) Lupulescu,C 
(2657)-Giri,A (2714) Porto Carras GRE 2011}) ({RR} 7... Be6 8. e3 Nbd7 9. Nf3
h6 10. Bd3 Rc8 11. Bh2 a6 12. O-O O-O 13. a3 a5 14. Rae1 c5 15. Qd2 c4 16. Bb1
Re8 17. Ne5 Nxe5 18. dxe5 Nh7 19. Rd1 Rc5 20. f4 f5 21. g4 g6 22. gxf5 {
Kalinitschew,S (2430)-Loeffler,F Porz 1991 1-0 (55)}) 8. e3 Bf5 9. Qd2 h5 10.
Bd3 Bxd3 11. Qxd3 Nbd7 12. Nge2 a5 13. O-O O-O 14. f3 b5 15. e4 dxe4 16. fxe4
Nc5 17. Qf3 Ne6 18. Be3 b4 19. Nb1 Nh7 20. Nd2 Rc8 21. Rad1 Bh4 22. g3 Bf6 23.
Nc4 Bg7 24. b3 Qe7 25. Qg2 Nc7 26. Nxa5 Rfe8 27. e5 Nd5 28. Bd2 Red8 29. Nf4
Qa7 30. Nxc6 Rxc6 31. Nxd5 Rc2 32. Kh1 Bf8 33. e6 Qa8 34. exf7+ Kh8 35. Nf4
Qxg2+ 36. Kxg2 Rxd4 37. Rf2 Rd6 38. Bc1 Rxf2+ 39. Kxf2 Rxd1 40. Bb2+ Nf6 41.
Bxf6+ Kh7 42. Ne6 Bd6 43. Be5 Be7 44. f8=Q Bxf8 45. Nxf8+ Kh6 46. Ne6 g5 47. h4
gxh4 48. gxh4 Kg6 49. Nd4 Rd3 50. Nc6 Rd2+ 51. Ke3 Rxa2 52. Bd6 Ra1 53. Kd4 Rg1
54. Kc5 Kf5 55. Nxb4 Rc1+ 56. Kd4 Re1 57. Nc6 Re4+ 58. Kd5 Rxh4 59. b4 Rh1 60.
b5 Rb1 61. Nd4+ Kg4 62. Kc6 Rc1+ 63. Kd7 Rb1 64. Kc7 h4 65. b6 Kh3 66. b7 Kg2
67. Nf5 h3 68. Nh4+ 1-0

[Event "74th Tata Steel GMA"]
[Site "Wijk aan Zee NED"]
[Date "2012.01.16"]
[Round "3"]
[White "Karjakin, Sergey"]
[Black "Giri, Anish"]
[Result "1-0"]
[WhiteElo "2769"]
[BlackElo "2714"]
[PlyCount "73"]
[EventDate "2012.01.14"]

1. e4 e6 2. d4 d5 3. Nd2 c5 4. exd5 Qxd5 5. dxc5 Qxc5 ({RR} 5... Nf6 6. Nb3
Qxd1+ 7. Kxd1 Bd7 8. f3 Be7 9. Na5 Bc6 10. Be3 Nbd7 11. c3 Bxc5 12. Bxc5 {1/
2-1/2 (12) Potkin,V (2682)-Vitiugov,N (2733) Khanty-Mansiysk RUS 2011}) 6. Ne4
Qb4+ 7. Nc3 Nf6 8. a3 $146 ({RR} 8. Bd3 Nbd7 9. a3 Qd6 10. Nf3 Nc5 11. Bb5+ Bd7
12. Qe2 a6 13. Bc4 Qc7 14. O-O Bd6 15. b4 Rc8 16. Bb2 Na4 17. Bxe6 Nxc3 18.
Bxd7+ Kxd7 19. Qd3 Rhe8 20. Ng5 Qc4 21. Qf5+ Kc7 22. Bxc3 Qxc3 {Timofeev,A 
(2665)-Morozevich,A (2694) Taganrog RUS 2011 0-1 (48)}) 8... Qa5 9. Bd3 a6 10.
Bf4 Nbd7 11. Nf3 Nh5 12. b4 Qd8 13. Be3 Be7 14. O-O O-O 15. Ne4 a5 16. Rb1 axb4
17. axb4 Qc7 18. Nd4 g6 19. Nb5 Qb8 20. c4 f5 21. Nec3 b6 22. Be2 Ndf6 23. Nd4
Bd7 24. Bf3 Qc7 25. Bxa8 Rxa8 26. Nf3 Qxc4 27. Qd4 Qxd4 28. Bxd4 Rc8 29. g3 b5
30. Ne5 Be8 31. Rfc1 g5 32. Kg2 Kf8 33. Ne2 Ra8 34. Bc5 Nd7 35. Bxe7+ Kxe7 36.
Nc6+ Kd6 37. Ned4 1-0

[Event "74th Tata Steel GMA"]
[Site "Wijk aan Zee NED"]
[Date "2012.01.16"]
[Round "3"]
[White "Gelfand, Boris"]
[Black "Topalov, Veselin"]
[Result "1/2-1/2"]
[WhiteElo "2739"]
[BlackElo "2770"]
[PlyCount "70"]
[EventDate "2012.01.14"]

1. d4 {Ftacnik} Nf6 2. c4 e6 3. Nf3 d5 4. Nc3 c6 5. e3 Nbd7 6. Qc2 Bd6 7. Bd3
O-O 8. O-O dxc4 9. Bxc4 b5 10. Be2 Bb7 11. Rd1 Qc7 12. Bd2 a5 ({RR} 12... e5
13. Rac1 a6 14. b4 Rfe8 ({RR} 14... exd4 15. exd4 Rfe8 16. h3 Qb8 ({RR} 16...
Bxb4 17. Nxb5 axb5 18. Bxb4 Nd5 19. a3 Nxb4 20. axb4 Qd6 21. d5 cxd5 22. Bxb5
Rec8) 17. Qb3 Nd5 18. Nxd5 cxd5) 15. Bd3 ({RR} 15. h3 h6 16. Nh4 exd4 17. exd4
Nb6 18. Nf5 Bh2+ 19. Kh1 Bf4 20. Bd3 Rad8 21. Ne2 Nbd5 22. Nxf4 Nxf4 23. Bf1
Ne4 24. Be1 c5 25. bxc5 Nxh3 26. f3 Qf4 27. Nh4 Ng3+ 28. Bxg3 Qxg3 29. Nf5 Nf2+
) 15... Bxb4 16. Ng5 ({RR} 16. Nxb5 axb5 17. Bxb4 e4) 16... h6 ({RR} 16... Nf8
17. Nxb5 axb5 18. Bxb4 exd4 19. exd4 Qf4 20. Bd2 Qxd4 21. Bc3 Qf4 22. Bxf6 Qxf6
23. Ne4 Qe7 24. Nd6 Red8) 17. Nxb5 axb5 ({RR} 17... Qa5 18. Bxb4 Qxb4 19. Nc7
hxg5 20. Rb1 Qe7 21. Nxe8 Rxe8 22. Rxb7) 18. Bh7+ Kf8 ({RR} 18... Kh8 19. Nxf7#
) ({RR} 18... Nxh7 19. Qxh7+ Kf8 20. Bxb4+ c5 21. Rxc5) 19. Bxb4+ c5 ({RR} 
19... Re7 20. dxe5 Nxe5 ({RR} 20... Qxe5 21. Nf3 Qe6 22. Bf5) 21. Bd6 Qb6 22.
Qf5) 20. dxc5 Bc6 ({RR} 20... hxg5 21. c6+ Re7 22. cxd7) 21. Be4 Nb8 ({RR} 
21... hxg5 22. Bxc6 Qxc6 23. Rd6 Qc7 24. c6 Nc5 25. Qxc5) ({RR} 21... Bxe4 22.
c6+ Kg8 23. Nxe4) 22. Nh7+ Nxh7 ({RR} 22... Ke7 23. Nxf6 Kxf6 24. Rd6+ Ke7 ({RR
} 24... Re6 25. f4 Ra4 26. Qc3) 25. Rcd1 Ra6 26. Bxc6 Nxc6 27. Qf5 Ra7 28. Qh7
Nxb4 29. Qxg7) 23. Bxh7 g6 ({RR} 23... Ra4 24. a3 Na6 25. Qb1 Nxb4 26. axb4 Rd8
27. Bc2) 24. Rd6 Re7 ({RR} 24... Ra4 25. a3 Na6 26. Bxg6) 25. h4 ({RR} 25. Rf6
Nd7 26. Qxg6 Nxf6 27. Qxh6+ Ke8 28. Qxf6 Re6 29. Qg7 Qd8 30. Qg4) 25... h5 26.
Bxg6 fxg6 27. Qxg6 {Gelfand,B (2758)-Karjakin,S (2723) Khanty Mansiysk 2009
CBM 134 [Ftacnik] 1-0 (34)} {RR} Rg7 28. Qf6+ Kg8 29. Rd8+ Kh7 30. Qf5+) 13.
Rac1 Rac8 14. Ne4 $146 ({RR} 14. e4 e5 15. dxe5 Nxe5 16. Nxe5 Bxe5 17. g3 Rfe8
18. Bf3 Qb6 19. Be3 c5 20. Nd5 Nxd5 21. exd5 Qf6 22. Bg4 c4 23. b3 cxb3 24.
Qxb3 Rxc1 25. Rxc1 b4 26. Qa4 Rd8 27. Qxa5 Bc3 28. Qc7 h5 {Manea,A (2392)
-Yakovich,Y (2546) Aix-les-Bains FRA 2011 1-0 (34)}) ({RR} 14. Qb1 Qb8 15. a3
b4 16. axb4 axb4 17. Ne4 Nxe4 18. Qxe4 c5 19. Qh4 Nf6 20. Be1 Bd5 21. dxc5 Rxc5
22. Rxc5 Bxc5 23. Bc4 Be4 24. Qg3 Qa8 25. Ng5 Bf5 26. Qc7 Qc8 27. Qxc8 Rxc8 28.
Bb3 Be7 {Morrison,G (2339)-Rasmussen,A (2541) Porto Carras GRE 2011 1-0 (57)})
14... Nxe4 15. Qxe4 c5 16. Qh4 b4 17. e4 Rfe8 18. Bb5 Be7 19. Qf4 Qxf4 20. Bxf4
Red8 21. d5 exd5 22. exd5 Bf6 23. b3 h6 24. d6 Bc6 25. Bxc6 Rxc6 26. Nd2 Be5
27. Bxe5 Nxe5 28. Ne4 f5 29. f4 Nd3 30. Nf6+ Kf7 31. Rxd3 Kxf6 32. d7 Rc7 33.
Rcd1 Ke7 34. Re1+ Kf7 35. Red1 Ke7 1/2-1/2

[Event "74th Tata Steel GMA"]
[Site "Wijk aan Zee NED"]
[Date "2012.01.17"]
[Round "4"]
[White "Gelfand, Boris"]
[Black "Radjabov, Teimour"]
[Result "1/2-1/2"]
[WhiteElo "2739"]
[BlackElo "2773"]
[PlyCount "60"]
[EventDate "2012.01.14"]

1. d4 {Tsesarsky} Nf6 2. c4 g6 3. Nc3 Bg7 4. e4 d6 5. Nf3 O-O 6. Be2 e5 7. Be3
Ng4 8. Bg5 f6 9. Bh4 g5 10. Bg3 Nh6 11. h3 exd4 12. Nxd4 Nc6 13. O-O ({RR} 13.
h4 f5 ({RR} 13... Nxd4 14. Qxd4 f5 15. Qd5+ Nf7 16. exf5 Re8 17. Kf1 c6 18. Qd3
) 14. hxg5 Qxg5 ({RR} 14... Bxd4 15. gxh6 fxe4 16. Nxe4 Bf5 17. Nc3 ({RR} 17.
Rh4 Bxb2 18. Qd5+ Kh8 19. Rb1 Bf6 20. Qxf5 ({RR} 20. Rf4 Be5 21. Rxf5 Rxf5 22.
Kd1 ({RR} 22. Rxb7 Bc3+ 23. Nxc3 Rxd5 24. Nxd5 Rb8) 22... Rb8) 20... Bc3+ 21.
Nxc3 Rxf5 22. Rxb7 Qf6)) 15. Ndb5 f4) ({RR} 13. Nxc6 bxc6 14. O-O f5 15. exf5
Nxf5 16. Bh2 Rb8 17. Qd2 c5) 13... Nxd4 ({RR} 13... f5 14. Nxf5 Nxf5 15. exf5
Nd4 16. Bg4 Bxf5 17. Re1 Kh8 18. Rc1) ({RR} 13... f5 14. Nxf5 Nxf5 15. exf5
Bxf5 16. Qd2 Kh8 17. Rad1 Nd4 18. Bg4 Bg6 19. Rde1 Nc2 20. Rc1 Nb4 21. Be2 a5
22. b3 Na6 23. Bd3 Bxd3 24. Qxd3 Nc5 25. Qd2 Qd7 26. f3 Rae8 27. Rcd1 h6 28.
Nd5 {Leko,P (2717)-Radjabov,T (2744) Ningbo CHN 2011 1/2-1/2 (32)}) 14. Qxd4 f5
15. Qd5+ Kh8 16. exf5 $146 ({RR} 16. f4 fxe4 17. fxg5 Nf5 18. Nxe4 Bxb2 ({RR} 
18... Nxg3 19. Nxg3 Bxb2 20. Rxf8+ Qxf8 21. Rf1 Qe7 22. Bd3 Be6 23. Qxb7 Bd4+
24. Kh1 Rg8 25. Qe4 Be5 26. Nf5) 19. Bf2 ({RR} 19. Rab1 Nxg3 20. Rxf8+ Qxf8 21.
Rxb2) 19... Bxa1 20. Rxa1 Qe7 21. g4 Ng7 22. Re1 Bd7 ({RR} 22... Ne6 23. Be3
Qg7 24. Nf6) 23. Nf6 ({RR} 23. Qxb7 Ne6 24. Qb2+ Qg7 25. Qxg7+ Kxg7 26. h4)
23... Bc6 ({RR} 23... Rxf6 24. gxf6 Qxf6 25. Qxb7 Rf8 26. Rf1 Ne6 27. Be3 Qe5
28. Rxf8+ Nxf8 29. Qf3) 24. Qd4 Rae8 {1/2-1/2 (24) Halkias,S (2542)-Smirin,I 
(2662) Istanbul 2003 CBM 096 [Tsesarsky]} ({RR} 24... Ne6 25. Bd1 Qf7 26. Qc3
Ng7 27. Bc2) ({RR} 24... Qf7 25. Bf1) {RR} 25. Nxh7 Kxh7 26. Bd3+ Kg8 27. Rxe7
Rxe7 28. c5) ({RR} 16. f3 c6 17. Qd2 f4 18. Bf2 Nf7) ({RR} 16. f3 f4 17. Bf2 c6
18. Qd2 Nf7 19. Rfd1 Qa5 20. Rab1 Be6 21. b4 Qe5 22. Rbc1 Rfd8 23. b5 {1/2-1/2
(23) Moradiabadi,E (2542)-Kovalev,A (2533) Vienna 2009}) 16... Nxf5 17. Bh2 Bd7
18. Bg4 Nd4 19. Bxd7 Qxd7 20. Rad1 Rae8 21. Nb5 Nxb5 22. cxb5 g4 23. h4 b6 24.
b3 Qf7 25. Qb7 Re2 26. Bg3 Be5 27. Rc1 Qf5 28. Qxc7 Bxg3 29. fxg3 Rxg2+ 30.
Kxg2 Qe4+ 1/2-1/2